The ICFAI University Journal of Entrepreneurship Development (Record no. 97738)

MARC details
000 -LEADER
fixed length control field 00299nam a2200097Ia 4500
008 - FIXED-LENGTH DATA ELEMENTS--GENERAL INFORMATION
fixed length control field 230206s9999 xx 000 0 und d
041 ## - LANGUAGE CODE
Language code of text/sound track or separate title eng
100 ## - MAIN ENTRY--PERSONAL NAME
Personal name Murthy E N, Ed.
9 (RLIN) 119286
245 ## - TITLE STATEMENT
Title The ICFAI University Journal of Entrepreneurship Development
260 ## - PUBLICATION, DISTRIBUTION, ETC. (IMPRINT)
Date of publication, distribution, etc. 2009
Name of publisher, distributor, etc. The ICFAI University
Place of publication, distribution, etc. Hyderabad
Holdings
Withdrawn status Lost status Damaged status Not for loan Home library Current library Date acquired Vendor Serial Enumeration / chronology Total Checkouts Full call number Barcode Date last seen Bill Date Koha item type Original Barcode
        Smt. Hiraben Nanavati Institute of Management & Research for Women Smt. Hiraben Nanavati Institute of Management & Research for Women 30/11/2016 Satya Gilani March 2009 to Dec. 2009 (Vol. 6 No.1 to Vol. 6 No. 4)   658.421/MUR BV0405 HIMR-BV-405 06/02/2023 06/02/2023 Bound Volume BV0405